Loading...

Human rights and sustainable development /

Bibliographic Details
Other Authors: Anuradha Kumar (Editor)
Format: Printed Book
Language:English
Published: New Delhi : Sarup, 2006.
LEADER 00819nam a2200169Ia 4500
008 150624b xxu||||| |||| 00| 0 eng d
020 |a 8176256803 
020 |a 8176256803 
082 |a 341.481 
245 |a Human rights and sustainable development /  |c edited by Anuradha Kumar 
260 |a New Delhi :  |b Sarup,  |c 2006. 
300 |a 263 p. 
505 |a 1. Universal declration of human rights 2. International convenant on economic, social and cultural rights 3. General assembly resolution of December 1962 4. Declaration of race and racial prejudice 5. Declaration on the protection of women and children  
700 |a Anuradha Kumar  |e editor. 
942 |c BK 
999 |c 55823  |d 55823 
952 |0 0  |1 0  |4 0  |6 341_481000000000000_ANU_H  |7 0  |9 55801  |a UL  |b UL  |c ST1  |d 2012-10-27  |l 1  |o 341.481 ANU/H  |p 80301  |r 2018-03-26  |s 2018-02-26  |w 2012-10-27  |y BK